Antología cósmica y lírica de Pedro Alberto Assef
Сохранить в:
| Главный автор: | |
|---|---|
| Формат: | |
| Язык: | испанский |
| Опубликовано: |
Ciudad de México
Frente de Afirmación Hispanista
2000
|
| Предметы: | |
| Метки: |
Добавить метку
Нет меток, Требуется 1-ая метка записи!
|
MARC
| LEADER | 00000nam a2200000 a 4500 | ||
|---|---|---|---|
| 001 | UCO7773 | ||
| 003 | CL-VaPUC | ||
| 008 | 001124e20000000MX |||||||||||||||||spa|d | ||
| 082 | 0 | 4 | |a Cu861 |b ARI |2 21 |
| 100 | |a Arias de la Canal, Fredo |e author |9 452443 | ||
| 245 | 1 | 0 | |a Antología cósmica y lírica de Pedro Alberto Assef |
| 300 | |a 36 p | ||
| 942 | |c BK | ||
| 945 | |d 20001124 00:00:00 |a rbrito | ||
| 260 | |a Ciudad de México |b Frente de Afirmación Hispanista |c 2000 | ||
| 600 | 0 | 7 | |a ASSEF, PEDRO ALBERTO |2 CL-VaPUC |9 452501 |
| 650 | 0 | |a Poesías cubanas |9 316897 | |
| 583 | |a last modification |c 20001124 00:00:00 |k Rodrigo Vera | ||
| 999 | |c 292651 |d 292649 | ||
| 952 | |0 0 |1 0 |4 0 |6 CU_861_000000000000000_ARI_2000 |7 0 |8 A |9 343692 |a BIBEDU |b BIBEDU |d 2019-11-20 |i 3665453 |o Cu861 ARI 2000 |p 3665453 |r 2019-11-20 |w 2019-11-20 |y BK |k LIT | ||